LEADER 01269nam--2200409---450- 001 990000393470203316 005 20101129091943.0 010 $a88-238-0037-4 035 $a0039347 035 $aUSA010039347 035 $a(ALEPH)000039347USA01 035 $a0039347 100 $a20010405d1989----km-y0itay0103----ba 101 $ait 102 $aITA 105 $a||||||||001yy 200 1 $aBanca e tecnologia$el'information technology come vantaggio competitivo$fa cura di Roberto Bottiglia, Giacomo De Laurentis, Daniele Previati 210 $aMilano$cEGEA$dc1989 215 $aIX,160 p.$d24 cm 225 2 $aNewfin$v2 410 $12001$aNewfin$v2 606 0 $aBanche$xAutomazione 676 $a332.10285 702 1$aBOTTIGLIA,$bRoberto 702 1$aDE LAURENTIS,$bGiacomo 702 1$aPREVIATI,$bDaniele 801 0$aIT$bsalbc$gISBD 912 $a990000393470203316 951 $aXXX.B. Coll. 199/ 1 (OLL. HPU 2)$b69016 EC$cXXX.B. Coll. 199/ 1 (COLL.HPU 2)$D00291407 959 $aBK 969 $aECO 979 $aPATTY$b90$c20010405$lUSA01$h1526 979 $c20020403$lUSA01$h1647 979 $aPATRY$b90$c20040406$lUSA01$h1627 979 $aRSIAV2$b90$c20101129$lUSA01$h0919 996 $aBanca e tecnologia$9876255 997 $aUNISA LEADER 01965nam 2200433z- 450 001 9910346722503321 005 20210211 010 $a1000049863 035 $a(CKB)4920000000094476 035 $a(oapen)https://directory.doabooks.org/handle/20.500.12854/53703 035 $a(oapen)doab53703 035 $a(EXLCZ)994920000000094476 100 $a20202102d2015 |y 0 101 0 $ager 135 $aurmn|---annan 181 $ctxt$2rdacontent 182 $cc$2rdamedia 183 $acr$2rdacarrier 200 00$aModellbasierte Entwicklung funktional sicherer Hardware nach ISO 26262 210 $cKIT Scientific Publishing$d2015 215 $a1 online resource (VI, 291 p. p.) 225 1 $aSteinbuch Series on Advances in Information Technology / Karlsruher Institut für Technologie, Institut für Technik der Informationsverarbeitung 311 08$a3-7315-0442-1 330 $aThe compliance with functional safety according to the standard ISO 26262 in context of the increasing electrification of road vehicles is a significant challenge. This work provides a concept and methodology for the model-based development of functional safe hardware. This is characterized by the description of hardware designs, annotation of failure data and performing the demanded safety evaluations. 606 $aTechnology: general issues$2bicssc 610 $aBusiness Process Model and Notation (BPMN) 610 $aBusiness Process Model and Notation (BPMN)Functional Safety 610 $aFunktionale Sicherheit 610 $aHardware Safety Analyses 610 $aHardware-Sicherheitsanalysen 610 $aISO 26262 610 $aModel-based Development 610 $aModellbasierte Entwicklung 615 7$aTechnology: general issues 700 $aAdler$b Nico$4auth$01311285 906 $aBOOK 912 $a9910346722503321 996 $aModellbasierte Entwicklung funktional sicherer Hardware nach ISO 26262$93030198 997 $aUNINA